000 00362nam a2200157Ia 4500
003 0STCL
008 150530s9999 xx 000 0 und d
040 _aSTCL
_cSTCL
100 _aChesterton, G.K.
245 _aJudjement of Dr.Johnson
260 _bSheed and ward
_c1927
546 _aEnglish
942 _2ddc
_cBK
999 _c56473
_d56473
005 20220125171009.0